000 00307nam a2200133Ia 4500
008 210312s9999||||xx |||||||||||||| ||und||
041 _aosm
050 _aDR583
050 _bS94
100 _aSüleyman Nazif
245 0 _aBatarya ile ateş
260 _c1918
650 _aTarih--Türkiye--Osmanlı Devleti
999 _c21951
_d21951